|
|
|
|
| LEADER |
00000nam a2200000 a 4500 |
| 001 |
vtls001410723 |
| 003 |
SK-MaSNL |
| 005 |
20260302035049.0 |
| 008 |
240226s2000 xo o r 0 0 0 slo |
| 015 |
|
|
|a SNBA2001/06-02113
|
| 020 |
|
|
|a 8088977312
|q (brož.)
|
| 035 |
|
|
|a SNK000365421
|
| 035 |
|
|
|a urn:nbn:sk:snk-amkmms
|
| 035 |
|
|
|a urn:nbn:sk:snk-am003bjz
|
| 035 |
|
|
|a 13FFD406-08D1-4553-8E4D-AF311D3F4635
|
| 040 |
|
|
|a SNK
|b slo
|c SNK
|e AACR2
|
| 041 |
0 |
|
|a slo
|
| 044 |
|
|
|a xo
|c SK
|
| 072 |
|
7 |
|a 821.162.4-3
|x Slovenská próza
|2 konspekt
|
| 100 |
1 |
|
|a Keľha, Pavel
|4 aut
|9 687436
|
| 245 |
1 |
0 |
|a Z Krupinskej planiny
|b poľovnícke príhody
|c Pavel Keľha
|
| 260 |
|
|
|a Ružomberok
|b Epos
|c 2000
|
| 300 |
|
|
|a 192 s.
|b fotogr.
|c 21 cm
|
| 490 |
1 |
|
|a Beletria
|
| 650 |
0 |
7 |
|a Hunting
|2 SNKPHeng
|9 265411
|
| 650 |
0 |
7 |
|a poľovníctvo
|2 SNKPH
|9 2774
|
| 655 |
|
7 |
|a slovenské príbehy
|2 SNKPH
|9 70494
|
| 655 |
|
7 |
|a Slovak stories
|2 SNKPHeng
|9 277112
|
| 830 |
|
0 |
|a Beletria
|9 294194
|
| 919 |
|
|
|a 80-88977-31-2
|
| 954 |
|
|
|a beletria pôvodná (slovenská)
|2 lita
|
| 999 |
|
|
|c 1069085
|d 1071015
|
| 952 |
|
|
|t P60, <03>, [BOOK], {603}
|a SNK
|b SNK
|y PREZ
|7 0
|p 17A0295216
|o snkSC 104519
|i snkKSP 4928/2001
|0 0
|1 0
|4 0
|d 2001-04-05
|f 1
|l 0
|r 2025-09-25 00:00:00
|w 2026-02-24
|
| 952 |
|
|
|t P60, <04>, [BOOK], {604}
|a SNK
|b SNK
|y VYP
|7 0
|p 17A0295217
|o snkSC 104519 D1
|i snkKSP 4929/2001
|0 0
|1 0
|4 0
|d 2001-04-05
|l 0
|r 2005-01-02 00:00:00
|w 2026-02-24
|